বাংলাদেশের ঝিনাইদহ জেলা : (Record no. 77794)
[ view plain ]
| 000 -LEADER | |
|---|---|
| fixed length control field | 02095nam a2200301 a 4500 |
| 001 - CONTROL NUMBER | |
| control field | 77794 |
| 003 - CONTROL NUMBER IDENTIFIER | |
| rucl marc code | BD-RjUL |
| 005 - DATE AND TIME OF LATEST TRANSACTION | |
| control field | 20211209083027.0 |
| 008 - FIXED-LENGTH DATA ELEMENTS--GENERAL INFORMATION | |
| fixed length control field | 210114s2006 bg a|||| m||| 00| 0 ben d |
| 035 ## - SYSTEM CONTROL NUMBER | |
| System control number | (BD-RjUL)78020 |
| 040 ## - CATALOGING SOURCE | |
| Original cataloging agency | BD-RjUL |
| Language of cataloging | ben /eng |
| Transcribing agency | BD-RjUL |
| Modifying agency | BD-RjUL |
| 041 ## - LANGUAGE CODE | |
| Language code of text/sound track or separate title | ben |
| 082 ## - DEWEY DECIMAL CLASSIFICATION NUMBER | |
| Classification number | 954.925 |
| Author mark and year | HAB 2006 |
| Edition number | 23 |
| 100 ## - MAIN ENTRY--PERSONAL NAME | |
| Personal name | হক, শেখ মোহ্তাশামুল |
| 9 (RLIN) | 243588 |
| 245 10 - TITLE STATEMENT | |
| Title | বাংলাদেশের ঝিনাইদহ জেলা : |
| Remainder of title | সমাজ, সংস্কৃতি ও অর্থনীতি / |
| Statement of responsibility, etc. | শেখ মোহ্তাশামুল হক ; |
| Linkage | গবেষণা তত্ত্বাবধায়ক : এ. বি. এম. শাহজাহান |
| 260 ## - PUBLICATION, DISTRIBUTION, ETC. (IMPRINT) | |
| Place of publication, distribution, etc. | রাজশাহী : |
| Name of publisher, distributor, etc. | ইসলামের ইতিহাস ও সংস্কৃতি বিভাগ, রাজশাহী বিশ্ববিদ্যালয়, |
| Date of publication, distribution, etc. | ২০০৬ |
| 300 ## - PHYSICAL DESCRIPTION | |
| Pagination | vii, ৩৪১ পাতা : |
| Illustrations | চিএ ; |
| Size | ২৯ সেমি. |
| 502 ## - DISSERTATION NOTE | |
| Dissertation note | থিসিস (এম. ফিল.) -- ইসলামের ইতিহাস ও সংস্কৃতি বিভাগ, রাজশাহী বিশ্ববিদ্যালয়, ২০০৬ |
| 504 ## - BIBLIOGRAPHY, ETC. NOTE | |
| Bibliography, etc | গ্রন্থপঞ্জি : পাতা [৩২৩]-৩৩১ |
| 651 ## - SUBJECT ADDED ENTRY--GEOGRAPHIC NAME | |
| Geographic name | বাংলাদেশ |
| Geographic subdivision | ঝিনাইদহ জেলা |
| General subdivision | ইতিহাস |
| 9 (RLIN) | 243589 |
| Geographic name | Bangladesh |
| Geographic subdivision | Jhenaidah district |
| General subdivision | History |
| 9 (RLIN) | 243590 |
| Geographic name | বাংলাদেশ |
| Geographic subdivision | ঝিনাইদহ জেলা |
| General subdivision | সামাজিক জীবন এবং রীতিনীতি |
| 9 (RLIN) | 243612 |
| Geographic name | Bangladesh |
| Geographic subdivision | Jhenaidah district |
| General subdivision | Social life and customs |
| 9 (RLIN) | 243613 |
| Geographic name | বাংলাদেশ |
| Geographic subdivision | ঝিনাইদহ জেলা |
| General subdivision | অর্থনৈতিক পরিস্থিতি |
| 9 (RLIN) | 243614 |
| Geographic name | Bangladesh |
| Geographic subdivision | Jhenaidah district |
| General subdivision | Economic conditions |
| 9 (RLIN) | 243615 |
| 700 ## - ADDED ENTRY--PERSONAL NAME | |
| Personal name | শাহজাহান, এ. বি. এম. , গবেষণা তত্ত্বাবধায়ক |
| 942 ## - ADDED ENTRY ELEMENTS (KOHA) | |
| Source of classification or shelving scheme | Dewey Decimal Classification |
| Koha item type | Theses |
| Lost status | Source of classification or shelving scheme | Damaged status | Not for loan | Collection code | Permanent Location | Current Location | Shelving location | Date acquired | Source of acquisition | Total Checkouts | Full call number | Date last seen | Copy number | Koha item type |
|---|---|---|---|---|---|---|---|---|---|---|---|---|---|---|
| Dewey Decimal Classification | Not For Loan | Theses | Central Library, University of Rajshahi | Central Library, University of Rajshahi | Documentation Section | 21/05/2006 | Controller of Exam. , R. U. | BTHE 954.925 HAB 2006 | 14/01/2021 | C-1 | Theses |